000 01278nam a2200289 a 4500
001 BRCA_1476
005 20190320203438.0
008 191105s2003----mx-a######---#000-0#spa-d
020 _a9688595098
041 _aspa
044 _amx
050 4 _aF1232.H5
_b.D63 2003
245 1 0 _aDocumentos de Miguel Hidalgo
_bdel Colegio de San Francisco Xavier a la Biblioteca Francisco Xavier Clavigero
_cintroducción Teresa Matabuena Peláez ; estudio introductorio Guadalupe Jiménez Codinach ; transcripción palegráfica María Eugenia Ponce Alcocer.
260 _aMéxico
_bUniversidad Iberoamericana, Biblioteca Francisco Xavier Clavigero
_c2003
300 _a143 p.
_bil. a color
_c34 cm.
500 _aColección Sonia Corcuera de Mancera
504 _aBibliografía: p. 143
600 1 4 _aHidalgo y Costilla, Miguel
_d1753-1811
_94667
610 2 4 _aColegio de San Francisco Xavier (México)
_vBiobibliografía
_94826
610 2 4 _aUniversidad Iberoamericana
_bBiblioteca Francisco Xavier Clavigero
_vBiobibliografía
_94827
650 1 4 _aRevolucionarios
_vBiografía
_xHistoria
_zMéxico
_94828
700 1 _aMatabuena Peláez, Teresa
_94829
700 1 _aJiménez Codinach, Guadalupe
_9447
700 1 _aPonce Alcocer, María Eugenia
_94830
902 _aDSC
942 _2lcc
_cB
999 _c1338
_d1338